000 01034nam a22001577a 4500
999 _c56854
_d56854
003 Ge_BSU
005 20190516213444.0
008 190516s1978 ge ||||| |||| 00| 0 geo d
041 _ageo
080 _a342.4(479.223) ა-95
245 _aაჭარის ავტონომიური საბჭოთა სოციალისტური რესპუბლიკის კონსტიტუცია (ძირითადი კანონი) :
_bკონსტიტუცია მიღებულია 1978 წლის 26 მაისს. მასში შეტანილია აჭარის ასსრ უზენაესი საბჭოს მომდევნო სესიების მიერ მიღწეული ცვლილებები.
264 _aბათუმი :
_bსაბჭ. აჭარა,
_c1978.
300 _a47 გვ. ;
_b21 სმ.
653 _aაჭარის ასსრ კონსტიტუცია, 1978 წ.
942 _2udc
_cBK